Peněžní a měnová politika v transformující se ekonomice
Rozhovor s guvernérom ČNB J. Tošovským o dôležitosti menových a finančných otázok pre rýchlo postupujúcu transformáciu ekonomiky na trhový systém. Odpovede na otázky: kľúčový problém v súčasnej transformácii, vzťah medzi infláciou a peňažnou zásobou, konvertibilita českej meny, politika ČNB, tempo i...
Salvato in:
| Autore principale: | |
|---|---|
| Natura: | Capitolo di libro |
| Lingua: | ceco |
| Soggetti: | |
| Tags: |
Nessun Tag, puoi essere il primo ad aggiungerne!!
|
MARC
| LEADER | 00000naa a2200000 4500 | ||
|---|---|---|---|
| 001 | r015859 | ||
| 005 | 20221213082957.6 | ||
| 041 | 0 | |a cze | |
| 044 | |a CZ | ||
| 245 | 1 | 0 | |a Peněžní a měnová politika v transformující se ekonomice |c Milan Žák |
| 520 | |a Rozhovor s guvernérom ČNB J. Tošovským o dôležitosti menových a finančných otázok pre rýchlo postupujúcu transformáciu ekonomiky na trhový systém. Odpovede na otázky: kľúčový problém v súčasnej transformácii, vzťah medzi infláciou a peňažnou zásobou, konvertibilita českej meny, politika ČNB, tempo inflácie, pozitívna úroková miera, kurzový systém, bankové operácie na voľnom trhu, zadlženosť verejného sektora. | ||
| 610 | 2 | 0 | |a politika menová |
| 610 | 2 | 0 | |a politika finančná |
| 610 | 2 | 0 | |a TOŠOVSKÝ, M. |
| 610 | 2 | 0 | |a hospodárstvo trhové |
| 610 | 2 | 0 | |a Česko |
| 610 | 2 | 0 | |a peniaze |
| 610 | 2 | 0 | |a inflácia |
| 610 | 2 | 0 | |a zadlženosť |
| 610 | 2 | 0 | |a konvertibilita |
| 610 | 2 | 0 | |a ČNB Praha |
| 610 | 2 | 0 | |a stabilita meny |
| 610 | 2 | 0 | |a miera úroková |
| 610 | 2 | 0 | |a kurz devízový |
| 610 | 2 | 0 | |a operácie bankové |
| 610 | 2 | 0 | |a banky emisné |
| 100 | 1 | |a Žák, Milan | |